[Event "Hampshire Major"]
[Site "Eastleigh"]
[Date "2015.11.07"]
[Round "2"]
[White "Northcott, Paul"]
[Black "Cagnasso, Alex"]
[Result "0-1"]
[WhiteElo "1680"]
[BlackElo "1696"]
[PlyCount "60"]
[EventDate "2015.11.06"]
[EventType "swiss"]
[EventRounds "6"]
[EventCountry "ENG"]
[SourceTitle "BritBase"]
[Source "John Saunders"]
[SourceDate "2015.11.13"]
[SourceVersion "1"]
[SourceVersionDate "2015.11.13"]
[SourceQuality "1"]

1. e4 d5 2. exd5 Nf6 3. Nc3 Nxd5 4. Nxd5 Qxd5 5. Nf3 Bg4 6. Be2 Nc6 7. c3 e5 8. O-O O-O-O 9. Re1 Kb8 10. Nxe5 Nxe5 11. Bxg4 Nd3 12. Bf3 Qd7 13. Rf1 Bc5 14. b4 Bb6 15. a4 a6 16. a5 Ba7 17. Ra2 h5 18. h3 g5 19. Bxh5 Nf4 20. Bg4 f5 21. Bf3 g4 22. d4 gxf3 23. Bxf4 fxg2 24. Kxg2 Qd5+ 25. f3 Qxa2+ 26. Rf2 Rdg8+ 27. Kf1 Qc4+ 28. Qe2 Qxc3 29. Qa2 Qxd4 30. Bh2 Qd1# 0-1

[Event "Hampshire Major"]
[Site "Eastleigh"]
[Date "2015.11.07"]
[Round "2"]
[White "Graham, Frazer"]
[Black "Conway, Alex"]
[Result "1-0"]
[WhiteElo "1536"]
[BlackElo "1784"]
[PlyCount "59"]
[EventDate "2015.11.06"]
[EventType "swiss"]
[EventRounds "6"]
[EventCountry "ENG"]
[SourceTitle "BritBase"]
[Source "John Saunders"]
[SourceDate "2015.11.13"]
[SourceVersion "1"]
[SourceVersionDate "2015.11.13"]
[SourceQuality "1"]

1. e4 d5 2. exd5 Nf6 3. d4 Nxd5 4. c4 Nb6 5. Nc3 e5 6. Be3 exd4 7. Bxd4 Nc6 8. Be3 Be6 9. Qb3 Bb4 10. Rd1 Qf6 11. Nf3 Bxc3+ 12. bxc3 O-O 13. Bg5 Qf5 14. Bd3 Qg4 15. O-O Ne5 16. Nxe5 Qxg5 17. f4 Qf6 18. Qc2 g6 19. Be4 c6 20. Qe2 Rad8 21. Bd3 Na4 22. Qe3 Nxc3 23. Rd2 b6 24. Rdf2 Na4 25. f5 gxf5 26. Bxf5 Bxf5 27. Rxf5 Qh4 28. Rg5+ Kh8 29. Nxf7+ Rxf7 30. Qe5+ 1-0

[Event "Hampshire Major"]
[Site "Eastleigh"]
[Date "2015.11.07"]
[Round "2"]
[White "Stone, Mark"]
[Black "Belinger, John"]
[Result "1/2-1/2"]
[WhiteElo "1624"]
[BlackElo "1736"]
[PlyCount "63"]
[EventDate "2015.11.06"]
[EventType "swiss"]
[EventRounds "6"]
[EventCountry "ENG"]
[SourceTitle "BritBase"]
[Source "John Saunders"]
[SourceDate "2015.11.13"]
[SourceVersion "1"]
[SourceVersionDate "2015.11.13"]
[SourceQuality "1"]

1. e4 e5 2. Nf3 Nc6 3. Bb5 a6 4. Ba4 Nf6 5. O-O Be7 6. Re1 b5 7. Bb3 d6 8. h3 O-O 9. c3 Na5 10. Bc2 c5 11. d4 Qc7 12. Nbd2 cxd4 13. cxd4 Bd7 14. Nf1 Rac8 15. Ne3 Qb8 16. a3 Rfd8 17. Bd2 Nc4 18. Bc3 exd4 19. Nxd4 Bc6 20. Nef5 Bf8 21. Nxc6 Rxc6 22. Bxf6 gxf6 23. Qg4+ Kh8 24. Bb3 d5 25. Bxc4 Rxc4 26. Qh4 Qb6 27. Rac1 Qe6 28. Rxc4 dxc4 29. Qf4 Qe5 30. Qxe5 fxe5 31. Kf1 Bc5 32. Ke2 1/2-1/2

[Event "Hampshire Major"]
[Site "Eastleigh"]
[Date "2015.11.07"]
[Round "2"]
[White "Foley, Phil T"]
[Black "Hurn, Paul"]
[Result "1-0"]
[WhiteElo "1736"]
[BlackElo "1688"]
[PlyCount "105"]
[EventDate "2015.11.06"]
[EventType "swiss"]
[EventRounds "6"]
[EventCountry "ENG"]
[SourceTitle "BritBase"]
[Source "John Saunders"]
[SourceDate "2015.11.13"]
[SourceVersion "1"]
[SourceVersionDate "2015.11.13"]
[SourceQuality "1"]

1. e4 c5 2. Nf3 Nc6 3. Nc3 d6 4. d4 cxd4 5. Nxd4 Nf6 6. Bg5 e6 7. Qd2 Be7 8. O-O-O a6 9. f3 Qc7 10. Kb1 Bd7 11. g4 O-O-O 12. Be3 e5 13. Nf5 Bxf5 14. gxf5 Rd7 15. Na4 Kb8 16. Bb6 Qc8 17. Bc4 Bd8 18. h4 Bc7 19. Qe3 Qd8 20. a3 Bxb6 21. Nxb6 Rc7 22. Ba2 Qe7 23. Rh2 Na7 24. Rhd2 Rc6 25. Nc4 Nc8 26. Rd3 Qc7 27. Rc3 b5 28. Na5 Rxc3 29. Qxc3 Qxc3 30. bxc3 Rf8 31. c4 Kc7 32. cxb5 axb5 33. Nb3 Nb6 34. Rd3 Nfd7 35. Rc3+ Kb7 36. Rd3 Nc4 37. Nd2 Nxd2+ 38. Rxd2 Kc7 39. c4 Rb8 40. cxb5 Rxb5+ 41. Rb2 Ra5 42. Rc2+ Nc5 43. Rc3 f6 44. Kc2 Kd7 45. Bd5 g6 46. fxg6 hxg6 47. Bf7 Na4 48. Re3 g5 49. h5 Ke7 50. Bg6 Kf8 51. Rb3 Ra7 52. h6 Rc7+ 53. Kd2 1-0

[Event "Hampshire Major"]
[Site "Eastleigh"]
[Date "2015.11.07"]
[Round "2"]
[White "Sellen, John R"]
[Black "Symons, John"]
[Result "1-0"]
[WhiteElo "1616"]
[BlackElo "1728"]
[PlyCount "105"]
[EventDate "2015.11.06"]
[EventType "swiss"]
[EventRounds "6"]
[EventCountry "ENG"]
[SourceTitle "BritBase"]
[Source "John Saunders"]
[SourceDate "2015.11.13"]
[SourceVersion "1"]
[SourceVersionDate "2015.11.13"]
[SourceQuality "1"]

1. f4 d6 2. Nf3 Nf6 3. d3 c5 4. e4 Nc6 5. Be2 g6 6. O-O Bg7 7. Nc3 Qb6 8. Kh1 Bg4 9. Bd2 O-O-O 10. Rb1 h5 11. e5 dxe5 12. Nxe5 Rhf8 13. h3 Bxe2 14. Nxe2 Nxe5 15. fxe5 Nd7 16. Qe1 Bxe5 17. Ba5 Qc6 18. Bxd8 Kxd8 19. Ng1 Bd6 20. Nf3 f6 21. d4 g5 22. dxc5 Qxc5 23. c3 e5 24. Nd2 f5 25. Rd1 g4 26. Qh4+ Be7 27. Qxh5 gxh3 28. g3 Qc6+ 29. Qf3 e4 30. Qe3 Kc8 31. Nb3 Bg5 32. Qe2 e3+ 33. Kh2 Qg2+ 34. Qxg2 hxg2 35. Rfe1 Ne5 36. Kxg2 Ng4 37. Nd4 e2 38. Rd3 Rh8 39. Rxe2 Rh2+ 40. Kf3 Rh1 41. Nxf5 Nf6 42. Ne7+ Kc7 43. Nd5+ Nxd5 44. Rxd5 Bf6 45. Rf5 Bd8 46. g4 Bh4 47. Rg2 Rf1+ 48. Ke2 Rb1 49. Kd3 Rd1+ 50. Kc2 Rd7 51. g5 Rg7 52. g6 Kc6 53. Rf7 1-0

[Event "Hampshire Major"]
[Site "Eastleigh"]
[Date "2015.11.07"]
[Round "3"]
[White "Cagnasso, Alex"]
[Black "Allen, Les"]
[Result "1/2-1/2"]
[WhiteElo "1696"]
[BlackElo "1872"]
[PlyCount "69"]
[EventDate "2015.11.06"]
[EventType "swiss"]
[EventRounds "6"]
[EventCountry "ENG"]
[SourceTitle "BritBase"]
[Source "John Saunders"]
[SourceDate "2015.11.13"]
[SourceVersion "1"]
[SourceVersionDate "2015.11.13"]
[SourceQuality "1"]

1. c4 d6 2. Nc3 e5 3. g3 c6 4. Bg2 f5 5. d3 Nf6 6. e3 Be7 7. Nge2 O-O 8. O-O a5 9. b3 Na6 10. Bb2 Qe8 11. Na4 Qd8 12. a3 Bd7 13. Rc1 Rb8 14. c5 Qc7 15. d4 e4 16. Nb6 dxc5 17. Nxd7 Qxd7 18. Qd2 cxd4 19. exd4 Nc5 20. Qc2 Nd3 21. Qc4+ Qd5 22. Rc2 Nxb2 23. Rxb2 Bxa3 24. Rc2 Bb4 25. Nf4 Qxc4 26. bxc4 Rfe8 27. Rd1 Rbd8 28. Bf1 g6 29. Be2 Rd6 30. c5 Rdd8 31. Bc4+ Nd5 32. Nxd5 cxd5 33. Bb5 Re7 34. Kf1 Kg7 35. Ke2 1/2-1/2

[Event "Hampshire Major"]
[Site "Eastleigh"]
[Date "2015.11.07"]
[Round "3"]
[White "Desmedt, Richard"]
[Black "Graham, Frazer"]
[Result "0-1"]
[WhiteElo "1816"]
[BlackElo "1536"]
[PlyCount "72"]
[EventDate "2015.11.06"]
[EventType "swiss"]
[EventRounds "6"]
[EventCountry "ENG"]
[SourceTitle "BritBase"]
[Source "John Saunders"]
[SourceDate "2015.11.13"]
[SourceVersion "1"]
[SourceVersionDate "2015.11.13"]
[SourceQuality "1"]

1. e4 c5 2. d4 cxd4 3. c3 dxc3 4. Nxc3 Nc6 5. Nf3 d6 6. Bc4 e6 7. O-O Be7 8. Qe2 a6 9. Rd1 Qc7 10. Bf4 e5 11. Be3 Nf6 12. Rac1 O-O 13. Nd5 Nxd5 14. exd5 Nb8 15. Bxa6 Qd8 16. Bc4 f5 17. Nxe5 dxe5 18. d6+ Kh8 19. dxe7 Qxe7 20. Bb3 Nd7 21. Rc7 Qe8 22. Qb5 f4 23. Bc5 Nxc5 24. Qxc5 Bf5 25. Re7 Qg6 26. Rxe5 f3 27. g3 Qg4 28. Qc4 Qh3 29. Qf1 Qh6 30. Re3 Bh3 31. Qd3 Bg2 32. Be6 Ra6 33. Rxf3 Bxf3 34. Qxf3 Qf6 35. Qxf6 gxf6 36. Rd2 Rxe6 0-1

[Event "Hampshire Major"]
[Site "Eastleigh"]
[Date "2015.11.07"]
[Round "3"]
[White "Belinger, John"]
[Black "Matthew, Ian G"]
[Result "1/2-1/2"]
[WhiteElo "1736"]
[BlackElo "1704"]
[PlyCount "40"]
[EventDate "2015.11.06"]
[EventType "swiss"]
[EventRounds "6"]
[EventCountry "ENG"]
[SourceTitle "BritBase"]
[Source "John Saunders"]
[SourceDate "2015.11.13"]
[SourceVersion "1"]
[SourceVersionDate "2015.11.13"]
[SourceQuality "1"]

1. e4 c5 2. d4 cxd4 3. c3 Nf6 4. e5 Nd5 5. cxd4 e6 6. Nf3 Qc7 7. Be2 b6 8. O-O Bb7 9. Bd2 Be7 10. Nc3 Nxc3 11. Bxc3 d5 12. Rc1 Bc6 13. Bd2 Qb7 14. Qc2 h6 15. Bd3 Kd7 16. b4 b5 17. Ne1 Na6 18. a3 Rhf8 19. f4 f5 20. Nf3 Rac8 1/2-1/2

[Event "Hampshire Major"]
[Site "Eastleigh"]
[Date "2015.11.07"]
[Round "3"]
[White "Smith, Chris"]
[Black "Foley, Phil T"]
[Result "0-1"]
[WhiteElo "1616"]
[BlackElo "1736"]
[PlyCount "70"]
[EventDate "2015.11.06"]
[EventType "swiss"]
[EventRounds "6"]
[EventCountry "ENG"]
[SourceTitle "BritBase"]
[Source "John Saunders"]
[SourceDate "2015.11.13"]
[SourceVersion "1"]
[SourceVersionDate "2015.11.13"]
[SourceQuality "1"]

1. c4 b6 2. Nc3 e6 3. g3 Bb7 4. Nf3 Nf6 5. Bg2 Be7 6. d3 O-O 7. a3 d5 8. Bf4 Nbd7 9. Nb5 Ne8 10. cxd5 exd5 11. d4 a6 12. Nc3 c5 13. e3 c4 14. a4 f6 15. Nh4 Bb4 16. Qh5 g5 17. Nf5 Ng7 18. Nh6+ Kh8 19. Nf7+ Rxf7 20. Qxf7 gxf4 21. gxf4 Qe8 22. Qxe8+ Nxe8 23. Bh3 Nf8 24. Rg1 Nd6 25. Ke2 Bxc3 26. bxc3 Ne4 27. Rgc1 Bc8 28. Bf1 Ng6 29. f3 Nd6 30. Kf2 Ne7 31. Be2 Nc6 32. Bd1 Bf5 33. Ra2 Rg8 34. Bc2 Bxc2 35. Raxc2 Na5 {White lost on time.} 0-1

[Event "Hampshire Major"]
[Site "Eastleigh"]
[Date "2015.11.07"]
[Round "3"]
[White "Sawers, Kevin"]
[Black "Sellen, John R"]
[Result "1/2-1/2"]
[WhiteElo "1616"]
[BlackElo "1616"]
[PlyCount "34"]
[EventDate "2015.11.06"]
[EventType "swiss"]
[EventRounds "6"]
[EventCountry "ENG"]
[SourceTitle "BritBase"]
[Source "John Saunders"]
[SourceDate "2015.11.13"]
[SourceVersion "1"]
[SourceVersionDate "2015.11.13"]
[SourceQuality "1"]

1. e4 d5 2. exd5 Nf6 3. Nf3 Qxd5 4. c4 Qa5 5. Nc3 Bg4 6. Be2 c6 7. O-O e6 8. Qb3 Qc7 9. h3 h5 10. d4 Bxf3 11. Bxf3 Nbd7 12. Re1 Bd6 13. Ne4 Nxe4 14. Bxe4 Nf6 15. d5 Nxe4 16. Rxe4 e5 17. f4 f6 1/2-1/2

[Event "Hampshire Major"]
[Site "Eastleigh"]
[Date "2015.11.07"]
[Round "3"]
[White "Allin, Joseph"]
[Black "Jones, Gareth A"]
[Result "1/2-1/2"]
[WhiteElo "1640"]
[BlackElo "1872"]
[PlyCount "66"]
[EventDate "2015.11.06"]
[EventType "swiss"]
[EventRounds "6"]
[EventCountry "ENG"]
[SourceTitle "BritBase"]
[Source "John Saunders"]
[SourceDate "2015.11.13"]
[SourceVersion "1"]
[SourceVersionDate "2015.11.13"]
[SourceQuality "1"]

1. e4 d5 2. Nc3 d4 3. Nce2 e5 4. d3 c5 5. g3 Nc6 6. Bg2 Bd6 7. f4 Nge7 8. f5 Bd7 9. Nf3 f6 10. O-O Qc7 11. Bd2 O-O-O 12. c4 g5 13. Ne1 h5 14. h3 Kb8 15. a3 Ng8 16. Nc2 Nh6 17. b4 Ne7 18. bxc5 Bxc5 19. Nb4 Bxb4 20. axb4 Nf7 21. b5 Nd6 22. Qa4 Nec8 23. Ba5 b6 24. Bd2 Nb7 25. Nc1 Nc5 26. Qa3 Rde8 27. Bb4 Rh7 28. Na2 h4 29. g4 Rd8 30. Bxc5 bxc5 31. Nc1 Nb6 32. Nb3 Rc8 33. Na5 Re7 1/2-1/2

[Event "Hampshire Major"]
[Site "Eastleigh"]
[Date "2015.11.07"]
[Round "3"]
[White "Conway, Alex"]
[Black "Agostinelli, Dave"]
[Result "1-0"]
[WhiteElo "1784"]
[BlackElo "1688"]
[PlyCount "65"]
[EventDate "2015.11.06"]
[EventType "swiss"]
[EventRounds "6"]
[EventCountry "ENG"]
[SourceTitle "BritBase"]
[Source "John Saunders"]
[SourceDate "2015.11.13"]
[SourceVersion "1"]
[SourceVersionDate "2015.11.13"]
[SourceQuality "1"]

1. e4 b6 2. d4 Bb7 3. Nc3 e6 4. f4 Nf6 5. Bd3 Bb4 6. Qf3 d5 7. e5 Ne4 8. Nge2 O-O 9. O-O Nxc3 10. bxc3 Be7 11. f5 exf5 12. Qxf5 g6 13. Qf3 Bg5 14. Ba3 Be7 15. Bxe7 Qxe7 16. Ng3 Nd7 17. Rae1 Qe6 18. Qe3 Kg7 19. Qg5 h6 20. Qe3 a5 21. Rf3 Rae8 22. Nf5+ gxf5 23. Bxf5 Nxe5 24. Rg3+ Ng6 25. Bxe6 Rxe6 26. Qd2 Rfe8 27. Rxe6 Rxe6 28. Rh3 Ba6 29. Qxh6+ Kf6 30. Rf3+ Ke7 31. Re3 Ne5 32. Qh4+ Kd7 33. Rxe5 1-0

[Event "Hampshire Major"]
[Site "Eastleigh"]
[Date "2015.11.07"]
[Round "3"]
[White "Williams, Robin"]
[Black "Northcott, Paul"]
[Result "1-0"]
[WhiteElo "1736"]
[BlackElo "1680"]
[PlyCount "53"]
[EventDate "2015.11.06"]
[EventType "swiss"]
[EventRounds "6"]
[EventCountry "ENG"]
[SourceTitle "BritBase"]
[Source "John Saunders"]
[SourceDate "2015.11.13"]
[SourceVersion "1"]
[SourceVersionDate "2015.11.13"]
[SourceQuality "1"]

1. e4 e5 2. Nf3 Nc6 3. Bc4 Nf6 4. d4 exd4 5. O-O Bc5 6. e5 Ne4 7. Re1 d5 8. exd6 f5 9. dxc7 Qxc7 10. Ng5 Ne7 11. Nxe4 fxe4 12. Rxe4 Bf5 13. Re1 O-O-O 14. Bd3 h6 15. Rxe7 Qxe7 16. Bxf5+ Kb8 17. Nd2 Rhf8 18. Bd3 Rde8 19. Ne4 Qf7 20. f3 b6 21. Bd2 Qe7 22. Qe1 a5 23. Qg3+ Kb7 24. Re1 Qc7 25. Ba6+ Kb8 26. Nxc5 bxc5 27. Rxe8+ 1-0

[Event "Hampshire Major"]
[Site "Eastleigh"]
[Date "2015.11.07"]
[Round "3"]
[White "Hurn, Paul"]
[Black "Symons, John"]
[Result "1/2-1/2"]
[WhiteElo "1688"]
[BlackElo "1728"]
[PlyCount "59"]
[EventDate "2015.11.06"]
[EventType "swiss"]
[EventRounds "6"]
[EventCountry "ENG"]
[SourceTitle "BritBase"]
[Source "John Saunders"]
[SourceDate "2015.11.13"]
[SourceVersion "1"]
[SourceVersionDate "2015.11.13"]
[SourceQuality "1"]

1. e4 c5 2. Nc3 e6 3. f4 d5 4. exd5 exd5 5. Bb5+ Nc6 6. Qe2+ Be7 7. Nf3 a6 8. Bxc6+ bxc6 9. O-O Nf6 10. Re1 Ra7 11. b3 O-O 12. Ba3 Bd6 13. Ne5 Qb6 14. Na4 Qc7 15. Nxc5 Qa5 16. Nxc6 Bxc5+ 17. Bxc5 Qxc5+ 18. Qe3 Qxe3+ 19. Rxe3 Rc7 20. Ne7+ Kh8 21. Nxc8 Rfxc8 22. c3 h6 23. Rae1 a5 24. h3 Ne4 25. Rd3 Nf6 26. Rd4 Rc5 27. Re5 R8c6 28. Kf1 Re6 29. Re2 Rxe2 30. Kxe2 1/2-1/2

[Event "Hampshire Major"]
[Site "Eastleigh"]
[Date "2015.11.07"]
[Round "4"]
[White "Graham, Frazer"]
[Black "Cagnasso, Alex"]
[Result "1-0"]
[WhiteElo "1536"]
[BlackElo "1696"]
[PlyCount "55"]
[EventDate "2015.11.06"]
[EventType "swiss"]
[EventRounds "6"]
[EventCountry "ENG"]
[SourceTitle "BritBase"]
[Source "John Saunders"]
[SourceDate "2015.11.13"]
[SourceVersion "1"]
[SourceVersionDate "2015.11.13"]
[SourceQuality "1"]

1. e4 d5 2. exd5 Nf6 3. d4 Bg4 4. Nf3 Nxd5 5. c4 Nb6 6. Nc3 e6 7. Be3 N8d7 8. c5 Nd5 9. Nxd5 exd5 10. Qb3 Nf6 11. Ne5 Rb8 12. f3 Be6 13. Be2 c6 14. O-O Nd7 15. Nd3 g5 16. f4 Nxc5 17. Nxc5 Bxc5 18. f5 Bc8 19. dxc5 O-O 20. Bd4 f6 21. Qg3 Ra8 22. h4 h6 23. hxg5 hxg5 24. Bd3 Kg7 25. Qxg5+ Kf7 26. Qg6+ Ke7 27. Rae1+ Kd7 28. Qg7+ 1-0

[Event "Hampshire Major"]
[Site "Eastleigh"]
[Date "2015.11.07"]
[Round "4"]
[White "Foley, Phil T"]
[Black "Desmedt, Richard"]
[Result "1-0"]
[WhiteElo "1736"]
[BlackElo "1816"]
[PlyCount "69"]
[EventDate "2015.11.06"]
[EventType "swiss"]
[EventRounds "6"]
[EventCountry "ENG"]
[SourceTitle "BritBase"]
[Source "John Saunders"]
[SourceDate "2015.11.13"]
[SourceVersion "1"]
[SourceVersionDate "2015.11.13"]
[SourceQuality "1"]

1. e4 d5 2. exd5 Nf6 3. c4 c6 4. Nc3 cxd5 5. d4 Nc6 6. Nf3 Bg4 7. cxd5 Nxd5 8. Qb3 Nxc3 9. bxc3 Bxf3 10. gxf3 Qc7 11. Be3 g6 12. Rb1 b6 13. Bb5 e6 14. c4 O-O-O 15. Rd1 Bb4+ 16. Kf1 Ba5 17. Kg2 Kb7 18. c5 Rd5 19. cxb6 Qxb6 20. Bxc6+ Kxc6 21. Qd3 Kd7 22. Rb1 Qd6 23. Rb7+ Bc7 24. Rxa7 e5 25. Rc1 Rc8 26. Ra6 Qe7 27. Qc4 Rd6 28. Ra7 Kd8 29. dxe5 Rd7 30. Bb6 Qxe5 31. Bxc7+ Rdxc7 32. Rxc7 Rxc7 33. Qxc7+ Qxc7 34. Rxc7 Kxc7 35. Kg3 1-0

[Event "Hampshire Major"]
[Site "Eastleigh"]
[Date "2015.11.07"]
[Round "4"]
[White "Stone, Mark"]
[Black "Williams, Robin"]
[Result "1-0"]
[WhiteElo "1624"]
[BlackElo "1736"]
[PlyCount "80"]
[EventDate "2015.11.06"]
[EventType "swiss"]
[EventRounds "6"]
[EventCountry "ENG"]
[SourceTitle "BritBase"]
[Source "John Saunders"]
[SourceDate "2015.11.13"]
[SourceVersion "1"]
[SourceVersionDate "2015.11.13"]
[SourceQuality "1"]

1. e4 e5 2. Nf3 Nf6 3. Nxe5 d6 4. Nf3 Nxe4 5. d4 d5 6. Bd3 Be7 7. O-O O-O 8. Re1 Bf5 9. c4 Bb4 10. Re2 Nc6 11. a3 Be7 12. Nc3 Nxc3 13. bxc3 Bxd3 14. Qxd3 Re8 15. Bf4 Rc8 16. Rae1 f6 17. cxd5 Qxd5 18. c4 Qd7 19. d5 b6 20. Re6 Nd8 21. R6e3 Nb7 22. Qe2 Kf7 23. Nd4 Bd6 24. Qh5+ Kf8 25. Bxd6+ Nxd6 26. Qxh7 Rxe3 27. Rxe3 Qg4 28. Ne6+ Kf7 29. h3 Qd1+ 30. Kh2 Rg8 31. Nxc7 Nxc4 32. Rg3 Qd2 33. Qg6+ Ke7 34. Qe4+ Ne5 35. f4 Kd7 36. fxe5 Kxc7 37. exf6 gxf6 38. Rxg8 Kd6 39. Qe6+ Kc5 40. Rc8+ Kd4 1-0

[Event "Hampshire Major"]
[Site "Eastleigh"]
[Date "2015.11.07"]
[Round "4"]
[White "Jones, Gareth A"]
[Black "Smith, Chris"]
[Result "1-0"]
[WhiteElo "1872"]
[BlackElo "1616"]
[PlyCount "115"]
[EventDate "2015.11.06"]
[EventType "swiss"]
[EventRounds "6"]
[EventCountry "ENG"]
[SourceTitle "BritBase"]
[Source "John Saunders"]
[SourceDate "2015.11.13"]
[SourceVersion "1"]
[SourceVersionDate "2015.11.13"]
[SourceQuality "1"]

1. Nf3 c5 2. g3 Nc6 3. d4 cxd4 4. Nxd4 g6 5. Bg2 Bg7 6. c3 e6 7. O-O Qb6 8. Nb3 Nge7 9. Be3 Qd8 10. Na3 d5 11. Nc2 Nf5 12. Bc5 b6 13. Ba3 Ba6 14. Re1 Rc8 15. e4 dxe4 16. Bxe4 Nfe7 17. Nbd4 Nxd4 18. Nxd4 O-O 19. Qa4 Bc4 20. Qxa7 Re8 21. Qa4 Qc7 22. Bxe7 Bxd4 23. cxd4 Rxe7 24. Rac1 b5 25. Qb4 Rd7 26. b3 Rxd4 27. bxc4 bxc4 28. Qc3 Qc5 29. Rcd1 e5 30. a4 Rcd8 31. Rb1 Rd2 32. Qe3 R8d4 33. Rb5 Qd6 34. Reb1 c3 35. Kg2 Rxa4 36. Qh6 Rb2 37. Rd5 Qxd5 38. Bxd5 Rxb1 39. Bxf7+ Kxf7 40. Qxh7+ Kf6 41. Qh8+ Kf5 42. Qc8+ Kg5 43. Qxc3 Rbb4 44. Qxe5+ Kh6 45. h4 Kh7 46. Qe7+ Kg8 47. Qf6 Kh7 48. Qf7+ Kh8 49. Qxg6 Rg4 50. Qf6+ Rg7 51. h5 Kh7 52. f3 Raa7 53. g4 Rgf7 54. Qe5 Rf8 55. Kg3 Rg8 56. Qf5+ Kh8 57. Kh4 Rh7 58. Qf6+ 1-0

[Event "Hampshire Major"]
[Site "Eastleigh"]
[Date "2015.11.07"]
[Round "4"]
[White "Agostinelli, Dave"]
[Black "Northcott, Paul"]
[Result "0-1"]
[WhiteElo "1688"]
[BlackElo "1680"]
[PlyCount "126"]
[EventDate "2015.11.06"]
[EventType "swiss"]
[EventRounds "6"]
[EventCountry "ENG"]
[SourceTitle "BritBase"]
[Source "John Saunders"]
[SourceDate "2015.11.13"]
[SourceVersion "1"]
[SourceVersionDate "2015.11.13"]
[SourceQuality "1"]

1. c4 e5 2. g3 Nf6 3. Bg2 c6 4. d4 exd4 5. Qxd4 Be7 6. Nf3 c5 7. Qd3 Nc6 8. Bd2 O-O 9. O-O d6 10. Nc3 Nb4 11. Qb1 Be6 12. a3 Nc6 13. b3 a6 14. e4 Rb8 15. Nd5 b5 16. Nxe7+ Qxe7 17. Qc2 Bd7 18. Rfe1 Rfe8 19. Bc3 h6 20. Rad1 Ne5 21. Nd2 bxc4 22. Nxc4 Nxc4 23. bxc4 Red8 24. Rd2 Ne8 25. Red1 Bc6 26. f3 Qd7 27. Re1 Ba4 28. Qc1 Qe6 29. Rf1 Bb3 30. Ba5 Rd7 31. Rb2 Rdb7 32. Qc3 Ba4 33. Rfb1 Bc6 34. Rxb7 Rxb7 35. Rxb7 Bxb7 36. Qd3 Qd7 37. Qb3 Qc6 38. Bh3 g6 39. Bc3 f5 40. Bg2 fxe4 41. fxe4 Kf7 42. Bb2 Ke7 43. Qf3 Qb6 44. Qc3 Qc6 45. Bc1 g5 46. Qh8 Qa4 47. Qh7+ Kd8 48. Bxg5+ hxg5 49. Qxb7 Qd1+ 50. Bf1 Qd4+ 51. Kh1 Qf2 52. Qb1 Qf3+ 53. Bg2 Qxa3 54. Qb8+ Ke7 55. Qb7+ Kf8 56. Qb1 a5 57. Bh3 a4 58. Qf1+ Ke7 59. e5 dxe5 60. Qf5 Qc1+ 61. Kg2 Qd2+ 62. Kf3 Qd1+ 63. Ke4 Nd6+ 0-1

[Event "Hampshire Major"]
[Site "Eastleigh"]
[Date "2015.11.08"]
[Round "5"]
[White "Wilson, Matthew R"]
[Black "Graham, Frazer"]
[Result "1-0"]
[WhiteElo "1872"]
[BlackElo "1536"]
[PlyCount "129"]
[EventDate "2015.11.06"]
[EventType "swiss"]
[EventRounds "6"]
[EventCountry "ENG"]
[SourceTitle "BritBase"]
[Source "John Saunders"]
[SourceDate "2015.11.13"]
[SourceVersion "1"]
[SourceVersionDate "2015.11.13"]
[SourceQuality "1"]

1. e4 c5 2. Nc3 a6 3. f4 b5 4. Nf3 e6 5. d4 cxd4 6. Nxd4 Bc5 7. Nb3 Bb6 8. Bd3 Bb7 9. Qe2 Nf6 10. e5 Nd5 11. Ne4 O-O 12. Nd6 Qc7 13. Qh5 g6 14. Qe2 Nb4 15. Nxb7 Nxd3+ 16. cxd3 Qxb7 17. Nd2 Nc6 18. Ne4 Nd4 19. Qf2 f5 20. Nf6+ Rxf6 21. exf6 Rc8 22. Kd1 Rc2 23. Bd2 Nb3 24. axb3 Bxf2 25. Kxc2 Qc6+ 26. Kb1 Qxg2 27. Rc1 Qb7 28. Ka2 Kf7 29. Rc2 Bd4 30. Rac1 Bxf6 31. Rc7 Qd5 32. Ra7 Qxd3 33. Rcc7 Qxd2 34. Rxd7+ Qxd7 35. Rxd7+ Be7 36. Ra7 b4 37. Kb1 Kf6 38. Rxa6 Bc5 39. Rc6 Bg1 40. h3 Bh2 41. Rc4 g5 42. fxg5+ Kxg5 43. Rxb4 e5 44. Rb7 Kf4 45. Rxh7 e4 46. Rg7 e3 47. Kc2 Ke4 48. Kd1 Kd3 49. Rd7+ Ke4 50. Ke2 Be5 51. b4 f4 52. Rf7 Bxb2 53. b5 Bd4 54. h4 Bb6 55. h5 Bc7 56. h6 Bb6 57. h7 Bd4 58. b6 Bxb6 59. h8=Q f3+ 60. Rxf3 Bd8 61. Qxd8 Ke5 62. Rxe3+ Kf5 63. Qf8+ Kg6 64. Rg3+ Kh7 65. Qg7# 1-0

[Event "Hampshire Major"]
[Site "Eastleigh"]
[Date "2015.11.08"]
[Round "5"]
[White "Matthew, Ian G"]
[Black "Stone, Mark"]
[Result "1/2-1/2"]
[WhiteElo "1704"]
[BlackElo "1624"]
[PlyCount "95"]
[EventDate "2015.11.06"]
[EventType "swiss"]
[EventRounds "6"]
[EventCountry "ENG"]
[SourceTitle "BritBase"]
[Source "John Saunders"]
[SourceDate "2015.11.13"]
[SourceVersion "1"]
[SourceVersionDate "2015.11.13"]
[SourceQuality "1"]

1. e4 d5 2. exd5 Qxd5 3. Qf3 Nf6 4. Qxd5 Nxd5 5. Bc4 Nb6 6. Bb3 Bg4 7. d4 e6 8. f3 Bf5 9. Ne2 N8d7 10. O-O Be7 11. Nd2 Nf6 12. Ng3 Bg6 13. Nde4 Nxe4 14. fxe4 c6 15. Bf4 O-O 16. c3 Rad8 17. a4 Rd7 18. a5 Nc8 19. Ba2 Rfd8 20. b4 Nd6 21. Bxd6 Bxd6 22. e5 Be7 23. Bb1 Bxb1 24. Raxb1 Rf8 25. Ne4 f5 26. exf6 Bxf6 27. Nxf6+ Rxf6 28. Rbe1 Kf7 29. Re5 Rd5 30. Rxf6+ Kxf6 31. Re3 e5 32. dxe5+ Rxe5 33. Rf3+ Ke6 34. Kf2 Rf5 35. Rxf5 Kxf5 36. Ke3 Ke5 37. Kd3 b5 38. a6 Kd5 39. g4 c5 40. g5 cxb4 41. cxb4 Ke5 42. Ke3 h6 43. gxh6 gxh6 44. h3 Kd5 45. Kd3 h5 46. h4 Kc6 47. Kd4 Kd6 48. Ke4 1/2-1/2

[Event "Hampshire Major"]
[Site "Eastleigh"]
[Date "2015.11.08"]
[Round "5"]
[White "Moore, Gillian A"]
[Black "Jones, Gareth A"]
[Result "1/2-1/2"]
[WhiteElo "1712"]
[BlackElo "1872"]
[PlyCount "78"]
[EventDate "2015.11.06"]
[EventType "swiss"]
[EventRounds "6"]
[EventCountry "ENG"]
[SourceTitle "BritBase"]
[Source "John Saunders"]
[SourceDate "2015.11.13"]
[SourceVersion "1"]
[SourceVersionDate "2015.11.13"]
[SourceQuality "1"]

1. d4 Nf6 2. c4 g6 3. Nc3 d5 4. cxd5 Nxd5 5. e4 Nxc3 6. bxc3 Bg7 7. Bc4 O-O 8. Ne2 c5 9. O-O cxd4 10. cxd4 Nc6 11. Be3 Na5 12. Rc1 Nxc4 13. Rxc4 Qa5 14. Ra4 Qc7 15. Qd2 Qc6 16. Nc3 b5 17. Rb4 a6 18. Rc1 Qd6 19. Rb2 Bd7 20. e5 Qe6 21. Rbc2 Rfc8 22. Ne4 Qd5 23. Nc3 Qb7 24. f3 Bf5 25. Ne4 Rxc2 26. Qxc2 Rc8 27. Nc5 Bxc2 28. Nxb7 Bf5 29. Rxc8+ Bxc8 30. Nc5 Kf8 31. f4 Ke8 32. Kf1 Kd8 33. d5 Kc7 34. Ke1 Bf8 35. Kd2 f6 36. Bd4 fxe5 37. fxe5 Bb7 38. Nxb7 Kxb7 39. Kc3 a5 1/2-1/2